'L' Authors Quiz Stats

 Plays Quiz Updated Jun 14, 2017

Support Sporcle.
Go Orange.
Score 0/20 Timer 06:00
4 Plays Today
Hint Answer % Correct
To Kill a Mockingbird (1960), Go Set a Watchman (2015)Harper Lee
91.9%
The Call of the Wild (1903), White Fang (1906)Jack London
88.9%
Sons and Lovers (1913), Lady Chatterley's Lover (1928)D.H. Lawrence
69.2%
The Screwtape Letters (1942), The Magician's Nephew (1955)C. S. Lewis
65.9%
The Girl with the Dragon Tattoo (2005), The Girl Who Played with Fire (2006)Stieg Larsson
63%
The Scarlatti Inheritance (1971), The Bourne Identity (1980)Robert Ludlum
46.7%
Two Treatises of Government (1689), An Essay Concerning Human Understanding (1690)John Locke
45.4%
A Wrinkle in Time (1962), A Swiftly Tilting Planet (1978)Madeleine L'Engle
42.3%
Number the Stars (1989), The Giver (1993)Lois Lowry
41.3%
Hyperion, a Romance (1839), The Song of Hiawatha (1855)Henry Wadsworth Longfellow
40.9%
Hint Answer % Correct
The Call of Cthulhu (1928), The Shadow Out of Time (1936)H.P. Lovecraft
35.2%
A Wizard of Earthsea (1968), The Left Hand of Darkness (1969)Ursula K. Le Guin
32%
Rosemary's Baby (1967), The Boys from Brazil (1976)Ira Levin
28%
Pippi Longstocking (1945), Karlsson-on-the-Roof (1955)Astrid Lindgren
27.8%
3:10 to Yuma (1953), Get Shorty (1990) Elmore Leonard
23.9%
The Golden Notebook (1962), The Good Terrorist (1985)Doris Lessing
22.7%
Tales from Shakespeare (1807), Essays of Elia (1823)Charles Lamb
17.6%
Interpreter of Maladies (1999), The Namesake (2003)Jhumpa Lahiri
14.4%
Frog and Toad are Friends (1970), Mouse Soup (1977)Arnold Lobel
10.2%
Jill (1946), The Less Deceived (1955)Philip Larkin
5.5%

You're not logged in!

Compare scores with friends on all Sporcle quizzes.
OR
Log In
Forgot?

From the Vault

1960s Movies A-Z

by ghcgh

The classics of yesterday are the remakes of tomorrow.
Remove Ads.
Support Sporcle.
Get the best of Sporcle when you Go Orange. This ad-free experience offers more features, more stats, and more fun while also helping to support Sporcle. Thank you for becoming a member.

Show Comments

Extras

Top Quizzes Today


Score Distribution

Your Account Isn't Verified!

In order to create a playlist on Sporcle, you need to verify the email address you used during registration. Go to your Sporcle Settings to finish the process.

Report this User

Report this user for behavior that violates our Community Guidelines.

Details: